000 02092cas a2200493 a 4500
001 13175567
003 OSt
005 20230704100456.0
008 980817c19829999cc ar l 0 0eng c
010 _a 2003202735
_z 88151593
035 _a(OCoLC)ocm39704410
040 _aLUI
_beng
_cLUI
_dOCL
_dDLC
_dOCLCQ
_dOCLCF
_dOCLCO
_dYLS
_dOCL
041 1 _aeng
_hchi
042 _apcc
043 _aa-cc---
082 _a340.251
_bLAC
110 1 _aChina.
240 1 0 _aLaws, etc. (Zhonghua Renmin Gongheguo fa lü hui bian).
_lEnglish
245 1 4 _aThe laws of the People's Republic of China /
_ccompiled by the Legislative Affairs Commission of the Standing Committee of the National People's Congress of the People's Republic of China.
260 _aBeijing :
_bForeign Languages Press,
_c1987-
300 _av. ;
_c26 cm.
310 _aAnnual
336 _atext
_btxt
_2rdacontent
337 _aunmediated
_bn
_2rdamedia
338 _avolume
_bnc
_2rdacarrier
362 0 _aVol. 1 (1979/1982)-
500 _aTranslation of: Zhonghua Renmin Gongheguo fa lü hui bian.
500 _a"First edition."
500 _aPublisher varies, v. 3-7: Science Press; v. 8-10: Publishing House of Law; v. 11- : Law Press.
588 _aLatest issue consulted: Vol. 25 (2013) (surrogate).
650 0 _aLaw
_zChina
_vPeriodicals.
650 7 _aLaw.
_2fast
_0(OCoLC)fst00993678
651 7 _aChina.
_2fast
_0(OCoLC)fst01206073
655 7 _aStatutes and codes
_2fast
_0(OCoLC)fst01774314
655 7 _aPeriodicals.
_2fast
_0(OCoLC)fst01411641
655 7 _aStatutes and codes.
_2lcgft
710 1 _aChina.
_bQuan guo ren min dai biao da hui.
_bChang wu wei yuan hui.
_bFa zhi gong zuo wei yuan hui.
765 0 _aChina.
_sLaws, etc. (Zhonghua Renmin Gongheguo fa lü hui bian).
_tZhonghua Renmin Gongheguo fa lü hui bian
_w(DLC) 90645849
776 0 8 _iOnline version:
_aChina.
_tLaws, etc. (Zhonghua Renmin Gongheguo fa lü hui bian). English
_w(OCoLC)646867281
906 _a7
_bcbc
_cserials
_d2
_encip
_f20
_gn-oclcserc
942 _2ddc
_cBK
999 _c3623
_d3623